Louis L'Amour Bibliography - Statistics

General Stats
  • This quiz has been taken 6 times
  • The average score is 56 of 424
Answer Stats
Type Year Name % Correct
Novel 1955 Heller with a Gun
67%
Novel 1985 Jubal Sackett
67%
Novel 1954 Kilkenny
67%
Novel 1986 Last of the Breed
67%
Novel 1987 Last of the Breed
67%
Novel 1961 Sackett
67%
Novel 1950 Westward the Tide
67%
Novel 1979 Bendigo Shafter
50%
Novel 1977 Borden Chantry
50%
Short Story Collection 1981 Buckskin Run
50%
Novel 1968 Chancy
50%
Novel 1981 Comstock Lode
50%
Novel 1969 Conagher
50%
Novel 1954 Crossfire Trail
50%
Novel 1968 Down the Long Hills
50%
Novel 1978 Fair Blows the Wind
50%
Novel 1955 Guns of the Timberlands
50%
Novel 1964 Hanging Woman Creek
50%
Novel 1963 How the West Was Won
50%
Novel 1966 Kid Rodelo
50%
Novel 1966 Kilrone
50%
Novel 1962 Lando
50%
Novel 1957 Last Stand at Papago Wells
50%
Novel 1980 Lonely on the Mountain
50%
Novel 1981 Milo Talon
50%
Novel 1971 North to the Rails
50%
Short Story Collection 2000 Off the Mangrove Coast
50%
Short Story 2000 Off the Mangrove Coast
50%
Novel 1958 Radigan
50%
Novel 1983 Ride the River
50%
Novel 1974 Sackett's Land
50%
Novel 1956 Silver Canyon
50%
Novel 1984 Son of a Wanted Man
50%
Novel 1966 The Broken Gun
50%
Novel 1956 The Burning Hills
50%
Novel 1960 The Daybreakers
50%
Novel 1958 The First Fast Draw
50%
Novel 1979 The Iron Marshal
50%
Novel 1978 The Mountain Valley War
50%
Novel 1965 The Sackett Brand
50%
Novel 1982 The Shadow Riders
50%
Novel 1967 The Sky-Liners
50%
Novel 1955 To Tame a Land
50%
Novel 1976 To the Far Blue Mountains
50%
Novel 1973 Treasure Mountain
50%
Novel 1971 Tucker
50%
Short Story Collection 1980 Yondering
50%
Short Story 1986 A Gun for Kilkenny
33%
Short Story Collection 1999 Beyond the Great Snow Mountains
33%
Short Story 1999 Beyond the Great Snow Mountains
33%
Short Story Collection 1983 Bowdrie
33%
Short Story Collection 1984 Bowdrie's Law
33%
Novel 1968 Brionne
33%
Novel 1972 Callaghen
33%
Novel 1963 Catlow
33%
Novel 1963 Dark Canyon
33%
Short Story Collection 1986 Dutchman's Flat
33%
Short Story 1986 Dutchman's Flat
33%
Non-Fiction Book 1989 Education of a Wandering Man
33%
Novel 1963 Fallon
33%
Novel 1960 Flint
33%
Non-Fiction Book 1984 Frontier
33%
Novel 1970 Galloway
33%
Novel 1987 Haunted Mesa
33%
Novel 1962 High Lonesome
33%
Novel 1953 Hondo
33%
Novel 1962 Kiloe
33%
Short Story Collection 1983 Law of the Desert Born
33%
Short Story 1983 Law of the Desert Born
33%
Short Story Collection 1989 Long Ride Home
33%
Short Story 1989 Long Ride Home
33%
Novel 1967 Matagorda
33%
Short Story Collection 2001 May There Be a Road
33%
Short Story 2001 May There Be a Road
33%
Novel 1964 Mojave Crossing
33%
Novel 1966 Mustang Man
33%
Novel 1975 Over on the Dry Side
33%
Novel 1985 Passin' Through
33%
Novel 1970 Reilly's Luck
33%
Short Story Collection 1986 Riding for the Brand
33%
Short Story 1986 Riding for the Brand
33%
Novel 1962 Shalako
33%
Novel 1957 Sitka
33%
Poetry Collection 2009 Smoke from This Altar
33%
Poem 2009 Smoke from This Altar
33%
Novel 1959 Taggart
33%
Novel 1974 The Californios
33%
Novel 1982 The Cherokee Trail
33%
Novel 1973 The Ferguson Rifle
33%
Novel 1965 The High Graders
33%
Short Story Collection 1983 The Hills of Homicide
33%
Short Story 1983 The Hills of Homicide
33%
Novel 1965 The Key-Lock Man
33%
Novel 1983 The Lonesome Gods
33%
Short Story 1997 The Lonesome Gods
33%
Novel 1973 The Man from Skibbereen
33%
Novel 1975 The Man from the Broken Hills
33%
Novel 1979 The Proving Trail
33%
Novel 1973 The Quick and the Dead
33%
Novel 1951 The Riders of High Rock
33%
Novel 1951 The Rustlers of West Fork
33%
Non-Fiction Book 1988 The Sackett Companion
33%
Short Story Collection 1980 The Strong Shall Live
33%
Short Story 1980 The Strong Shall Live
33%
Novel 1957 The Tall Stranger
33%
Novel 1951 The Trail to Seven Pines
33%
Novel 1984 The Walking Drum
33%
Novel 1980 The Warrior's Path
33%
Short Story 1975 Trap of Gold
33%
Short Story 1983 Trap of Gold
33%
Novel 1952 Trouble Shooter
33%
Novel 1971 Under the Sweetwater Rim
33%
Novel 1954 Utah Blaine
33%
Short Story 1995 Valley of the Sun
33%
Short Story Collection 1975 War Party
33%
Short Story 1975 War Party
33%
Short Story Collection 2002 With These Hands
33%
Short Story 2002 With These Hands
33%
Novel 1946 A Man Called Trent
17%
Short Story 1986 A Man Called Trent
17%
Non-Fiction Book 1988 A Trail of Memories: The Quotations of Louis L'Amour
17%
Short Story 1983 A Trail to the West
17%
Novel 1986 A Trail to the West
17%
Short Story 1986 Big Medicine
17%
Short Story 1983 Desert Death Song
17%
Short Story Collection 1997 End of the Drive
17%
Short Story 1997 End of the Drive
17%
Short Story 2000 Fighters Should Be Hungry
17%
Short Story Collection 2003 From the Listening Hills
17%
Short Story 2003 From the Listening Hills
17%
Novel 1964 Kiowa Trail
17%
Short Story 1986 Lit a Shuck for Texas
17%
Short Story Collection 1988 Lonigan
17%
Short Story 1988 Lonigan
17%
Short Story Collection 1998 Monument Rock
17%
Novella 1998 Monument Rock
17%
Short Story Collection 1986 Night Over the Solomons
17%
Short Story 1986 Night Over the Solomons
17%
Poem 2009 Rain
17%
Short Story 1984 Rain on the Mountain Fork
17%
Novel 1972 Ride the Dark Trail
17%
Novel 1975 Rivers West
17%
Novel 1953 Showdown at Yellow Butte
17%
Novel 1969 The Empty Land
17%
Short Story 1983 The Killer from the Pecos
17%
Novel 1970 The Man Called Noon
17%
Short Story 1999 The Money Punch
17%
Short Story Collection 1990 The Outlaws of Mesquite
17%
Short Story 1990 The Outlaws of Mesquite
17%
Novel 1976 The Rider of Lost Creek
17%
Short Story 1986 The Rider of Ruby Hills
17%
Short Story Collection 1986 The Rider of the Ruby Hills
17%
Novella Collection 1986 The Trail to Crazy Man
17%
Short Story 1986 Trail to Pie Town
17%
Short Story Collection 1991 West from Singapore
17%
Short Story 1991 West from Singapore
17%
Short Story Collection 1996 West of Dodge
17%
Short Story 1996 West of Dodge
17%
Short Story 1981 What Gold Does to a Man
17%
Short Story 1984 Where Buzzards Fly
17%
Novel 1976 Where the Long Grass Blows
17%
Short Story 2001 A Friend of a Hero
0%
Short Story 1980 A Friend of the General
0%
Poem 2009 After Tomorrow
0%
Poem 2009 A Handful of Stars
0%
Short Story 1996 A Husband for Janey
0%
Short Story 1983 A Job for a Ranger
0%
Short Story 1975 Alkali Basin
0%
Short Story 1998 A Man Named Utah
0%
Short Story 1980 A Moon of the Trees Broken by Snow: A Christmas Story
0%
Short Story 1975 A Mule for Santa Fe
0%
Short Story 1980 And Proudly Die
0%
Poem 2009 An Ember in the Dark
0%
Short Story 2003 A Night at Wagon Camp
0%
Short Story 2003 Anything for a Pal
0%
Short Story 1984 A Ranger Rides to Town
0%
Short Story 1986 A Strong Land Growing
0%
Short Story 1980 Author's Tea
0%
Poem 2009 A Wail from Pulpeteer
0%
Short Story 2003 Backfield Battering Ram
0%
Short Story 1989 Bad Place to Die
0%
Poem 2009 Banked Fires
0%
Short Story 1986 Barney Takes a Hand
0%
Short Story 1998 Battle at Burnt Camp
0%
Short Story 1996 Beyond the Chaparral
0%
Short Story 1980 Big Man
0%
Short Story 1988 Bill Carey Rides West
0%
Poem 2009 Biography in Stone
0%
Short Story 1980 Bluff Creek Station
0%
Short Story 1975 Booty for a Badman
0%
Short Story 1983 Bowdrie Follows a Cold Trail
0%
Short Story 1983 Bowdrie Passes Through
0%
Short Story 1983 Bowdrie Rides a Coyote Trail
0%
Short Story 1980 By the Ruins of El Walarieh
0%
Short Story 1999 By the Waters of San Tadeo
0%
Poem 2009 Call of the Tropics
0%
Short Story 1997 Caprock Rancher
0%
Short Story 1984 Case Closed - No Prisoners
0%
Short Story 1999 Coast Patrol
0%
Short Story 1983 Collect from a Corpse
0%
Short Story 2002 Corpse on the Carpet
0%
Short Story 1999 Crash Landing
0%
Short Story 1980 Dead-End Drift
0%
Short Story 1983 Dead Man's Trail
0%
Short Story 1983 Death Song of the Sombrero
0%
Poem 2009 Decadence
0%
Short Story 1997 Desperate Men
0%
Short Story 2003 Down Paagumene Way
0%
Short Story 1984 Down Sonora Way
0%
Short Story 1981 Down the Pogonip Trail
0%
Short Story 2002 Dream Fighter
0%
Short Story 1980 Duffy's Man
0%
Short Story 1991 East of Gorontalo
0%
Short Story 1997 Elisha Comes to Red Horse
0%
Poem 2009 Enchanted Mesas
0%
Short Story 2002 Fighters Don't Dive
0%
Short Story 2001 Fighter's Fiasco
0%
Short Story 2003 Flight of the North
0%
Short Story 2002 Flight to Enbetu
0%
Poem 2009 Forest People
0%
Short Story 1986 Fork Your Own Broncs
0%
Short Story 1986 Four-Card Draw
0%
Short Story 1991 From Here to Banggai
0%
Short Story 1975 Get Out of Town
0%
Short Story 1995 Gila Crossing
0%
Short Story 1980 Glorious! Glorious!
0%
Short Story 2002 Gloves for a Tiger
0%
Short Story 1983 Grub Line Rider
0%
Short Story 1980 Hattan's Castle
0%
Short Story 1998 Here Ends the Trail
0%
Short Story 1988 Heritage of Hate
0%
Poem 2009 Hildebrand
0%
Short Story 1986 His Brother's Debt
0%
Short Story 1986 Home in the Valley
0%
Short Story 1996 Home Is the Hunter
0%
Short Story 1981 Horse Heaven
0%
Poem 2009 I Came to Create
0%
Poem 2009 If There Is Beauty
0%
Short Story 1983 I Hate to Tell His Widow
0%
Poem 2009 I Haven't Read Gone with the Wind
0%
Poem 2009 I'm a Stranger Here
0%
Poem 2009 In an Old Temple
0%
Poem 2009 In Protest
0%
Poem 2009 Interlude: Hongkong Harbor
0%
Short Story 1995 In Victorio's Country
0%
Short Story 1998 Ironwood Station
0%
Poem 2009 I Shall Go Back
0%
Short Story 2000 It's Your Move
0%
Short Story 1981 Jackson of Horntown
0%
Short Story 1986 Keep Travelin', Rider
0%
Poem 2009 Let It Snow
0%
Poem 1980 Let Me Forget ...
0%
Poem 2009 Let Me Forget
0%
Short Story 1996 Let the Cards Decide
0%
Poem 2009 Life
0%
Poem 2009 Lines to a Season
0%
Short Story 1990 Love and the Cactus Kid
0%
Poem 2009 Love Out of Season
0%
Short Story 2001 Making It the Hard Way
0%
Short Story 1986 Man from Battle Flat
0%
Short Story 1986 Man Riding West
0%
Short Story 1996 Marshal of Canyon Gap
0%
Short Story 1984 McNelly Knows a Ranger
0%
Short Story 1986 McQueen of the Tumbling K
0%
Poem 2009 McVey
0%
Short Story 1995 Medicine Ground
0%
Short Story 1999 Meeting at Falmouth
0%
Short Story 1975 Men to Match the Hills
0%
Short Story 1980 Merrano of the Dry Country
0%
Short Story 1986 Mission to Siberut
0%
Short Story 1986 Mistakes Can Kill You
0%
Short Story 2003 Moran of the Tigers
0%
Short Story 1983 More Brains Than Bullets
0%
Short Story 2003 Murphy Plays His Hand
0%
Poem 2009 Mutation
0%
Poem 2009 My Three Friends
0%
Poem 2009 Nocturne
0%
Short Story 1989 No Man's Man
0%
Short Story 1995 No Man's Mesa
0%
Short Story 1990 No Rest for the Wicked
0%
Poem 2009 North Cape
0%
Short Story 1981 No Trouble for the Cactus Kid
0%
Short Story 1980 Old Doc Yak
0%
Poem 2009 Old Jerry
0%
Short Story 1975 One for the Pot
0%
Short Story 1983 One Last Gun Notch
0%
Short Story 1980 One Night Stand
0%
Short Story 1991 On the Road to Amurang
0%
Poem 2009 Out of the Ocean Depths Soundlessly Moving
0%
Short Story 1988 Pardner from the Rio
0%
Poem 2009 Picture
0%
Short Story 2002 Pirates of the Sky
0%
Short Story 1986 Pirates with Wings
0%
Short Story 2002 Police Band
0%
Poem 2009 Question
0%
Short Story 1996 Rain on the Halfmoon
0%
Short Story 2001 Red Butte Showdown
0%
Short Story 1988 Regan of the Slash B
0%
Short Story 1996 Riches Beyond Dream
0%
Short Story 1989 Ride or Start Shootin'
0%
Short Story 1983 Ride, You Tonto Raiders!
0%
Short Story 1983 Riding On
0%
Poem 2009 Rose of Memory
0%
Short Story 1999 Roundup in Texas
0%
Short Story 1988 Rowdy Rides to Glory
0%
Short Story 1997 Rustler Roundup
0%
Short Story 2003 Sand Trap
0%
Short Story 2000 Secret of Silver Springs
0%
Poem 2009 Secret Pass
0%
Short Story 1989 Shandy Takes a Hook
0%
Short Story 1980 Shanghai, Not Without Gestures
0%
Poem 2009 Ship Across the Sky
0%
Short Story 1990 Showdown on the Tumbling T
0%
Short Story 1986 Showdown Trail
0%
Short Story 1980 Show Me the Way to Go Home
0%
Short Story 1999 Sideshow Champion
0%
Short Story 2002 Six-Gun Stampede
0%
Short Story 1984 South of Deadwood
0%
Short Story 1991 South of Suez
0%
Short Story 1980 So You Want Adventure, Do You?
0%
Short Story 1981 Squatters on the Lonetree
0%
Short Story 1996 Stage to Willowspring
0%
Short Story 1983 Stay Out of My Nightmare
0%
Poem 2009 Steppe
0%
Short Story 1984 Strange Pursuit
0%
Short Story 1998 Strawhouse Trail
0%
Short Story 1980 Survival
0%
Short Story 1986 Tailwind to Tibet
0%
Short Story 1996 That Man from the Bitter Sands
0%
Short Story 1995 That Slash Seven Kid
0%
Short Story 1989 That Triggernometry Tenderfoot
0%
Short Story 1980 The Admiral
0%
Short Story 1983 The Black Rock Coffin Makers
0%
Short Story 2001 The Cactus Kid
0%
Short Story 1989 The Cactus Kid Pays a Debt
0%
Short Story Collection 2003 The Collected Short Stories of Louis L'Amour: The Frontier Stories – Volume 1
0%
Short Story Collection 2004 The Collected Short Stories of Louis L'Amour: The Frontier Stories – Volume 2
0%
Short Story Collection 2005 The Collected Short Stories of Louis L'Amour: The Frontier Stories – Volume 3
0%
Short Story Collection 2006 The Collected Short Stories of Louis L'Amour: The Frontier Stories – Volume 4
0%
Short Story Collection 2007 The Collected Short Stories of Louis L'Amour: The Frontier Stories – Volume 5
0%
Short Story Collection 2008 The Collected Short Stories of Louis L'Amour: The Frontier Stories – Volume 6
0%
Short Story Collection 2009 The Collected Short Stories of Louis L'Amour: The Frontier Stories – Volume 7
0%
Short Story 1997 The Courting of Griselda
0%
Short Story 2000 The Cross and the Candle
0%
Short Story 1980 The Dancing Kate
0%
Short Story 1975 The Defense of Sentinel
0%
Short Story 2000 The Diamond of Jeru
0%
Short Story 1990 The Drift
0%
Short Story 2001 The Ghost Fighter
0%
Short Story 1990 The Ghost Maker
0%
Short Story 1981 The Ghosts of Buckskin Run
0%
Short Story 1975 The Gift of Cochise
0%
Poem 2009 The Gladiator
0%
Short Story 1986 The Goose Flies South
0%
Short Story 1999 The Gravel Pit
0%
Short Story 1983 The Guns Talk Loud
0%
Short Story 2001 The Hand of Kuan-yin
0%
Short Story 1991 The House of Qasavara
0%
Short Story 1986 The Lion Hunter and the Lady
0%
Novel 1969 The Lonely Men
0%
Short Story 1998 The Man from the Dead Hills
0%
Short Story 1980 The Man Who Stole Shakespeare
0%
Short Story 1983 The Marshal of Painted Rock
0%
Short Story 1980 The Marshal of Sentinel
0%
Short Story 2003 The Moon of the Trees Broken by Snow
0%
Poem 2009 Then Came Spring
0%
Short Story 1986 The Nester and the Piute
0%
Short Story 1986 The One for the Mohave Kid
0%
Short Story 1984 The Outlaws of Poplar Creek
0%
Short Story 1990 The Packsaddle Affair
0%
Short Story 1996 The Passing of Rope Nose
0%
Poem 2009 The Pioneer
0%
Short Story 1981 There's Always a Trail
0%
Short Story 1984 The Road to Casa Piedras
0%
Short Story 1980 The Romance of Piute Bill
0%
Short Story 2000 The Rounds Don't Matter
0%
Poem 2009 The Sea, Off Vanua Levu
0%
Short Story 1990 The Sixth Shotgun
0%
Short Story 1997 The Skull and the Arrow
0%
Short Story 1983 The Street of Lost Corpses
0%
Short Story 2002 The Sucker Switch
0%
Short Story 1989 The Towns No Guns Could Tame
0%
Short Story 1986 The Trail to Peach Meadow Canyon
0%
Short Story 1986 The Turkeyfeather Riders
0%
Short Story 2000 The Unexpected Corpse
0%
Short Story 2001 The Vanished Blonde
0%
Poem 2009 The Weary One
0%
Short Story 1980 Thicker Than Blood
0%
Short Story 2000 Time of Terror
0%
Poem 2009 To Cleone: In Budapest
0%
Poem 2009 To Giordano Bruno
0%
Short Story 1996 To Hang Me High
0%
Short Story 1996 To Make a Stand
0%
Poem 2009 To One Without Faith
0%
Short Story 1983 Too Tough to Brand
0%
Short Story 2003 Too Tough to Kill
0%
Poem 2009 To You, Jeannine
0%
Short Story 1980 Trail to Squaw Springs
0%
Poem 2009 Tranquility
0%
Poem 2009 Twilight
0%
Short Story 1999 Under the Hanging Wall
0%
Short Story 1983 Unguarded Moment
0%
Short Story Collection 1995 Valley of the Son: Frontier Stories
0%
Short Story 2002 Voyage to Tobalai
0%
Short Story 1989 Walking Straight into Death
0%
Short Story 2003 Waltz Him Around Again, Shadow
0%
Short Story 1991 Well of the Unholy Light
0%
Short Story 1995 We Shaped the Land with Our Guns
0%
Short Story 1986 West Is Where the Heart Is
0%
Short Story 1996 West of Dry Creek
0%
Novel 1986 West of Pilot Range
0%
Short Story 1995 West of the Pilot Range
0%
Short Story 1986 West of the Tularosas
0%
Short Story 1995 When a Texan Takes Over
0%
Short Story 1980 Where There's Fighting
0%
Short Story 2001 Wings Over Brazil
0%
Short Story 1986 Wings Over Khabarovsk
0%
Poem 2009 Wings Over Waves
0%
Poem 2009 Winter
0%
Poem 2009 Winter Winds
0%
Short Story 1983 With Death in His Corner
0%
Poem 2009 Without This Land
0%
Poem 2009 Words from a Wanderer
0%
Poem 2009 Yacodhapura
0%
No matching quizzes found
Score Distribution
Percent of People with Each Score
Percentile by Number Answered
Your Score History
You have not taken this quiz